000 00646nam a2200253Ia 4500
003 OSt
005 20221007075101.0
006 a|||||r|||| 00| 0
007 ta
008 221006b |||||||| |||| 00| 0 eng d
024 _a1,264
037 _cTextual
040 _aFLL
_cFLL
_beng
041 _2eng
_aeng
082 _aX724:Z2, P4
100 _aKanga
245 0 _aLaw and Practice of Income Tax
250 _a9th
260 _aNew Delhi
_bButterworths India
_c2004
700 _a Palkhivala
_9683892
700 _a Vyas
942 _hX724:Z2, P4
_cTEXL
_2CC
999 _c1154752
_d1154752